| 000 | 02035njm0a2200469 4500 | ||
|---|---|---|---|
| 001 | RU\NLR\ONIZ\309642 | ||
| 005 | 20260531092322.0 | ||
| 035 | _a(NLR Aleph) 022816361 | ||
| 071 | 0 | 0 | _aX-4-102777 |
| 071 | 0 | 0 | _aX-4-102782 |
| 071 | 0 | 0 | _aX 4-102777: |
| 071 | 0 | 0 | _aX 4-102782: |
| 071 | 1 | 0 | _a14270b |
| 071 | 1 | 0 | _a14319b |
| 090 |
_a13714525 _c13714525 |
||
| 100 | _a20181203d1910 |||y0rusy50 ba | ||
| 102 | _aRU | ||
| 126 |
_aadaxdxu ux _bxxx |
||
| 127 | _a000600 | ||
| 145 | 0 | _ac | |
| 200 | 1 |
_aDer Tales'l _bЗвукозапись _aAbriefale der Mamen _fисполняет: Jacob Lehrmann, Bariton, mit Orchesterbegleitung |
|
| 203 |
_aМузыка _bисполнительская _cаудио |
||
| 210 |
_aS. l. _cZonophone record _d[1910] _gО-во Граммофонъ съ огр. отв. _eРига |
||
| 215 |
_a1 грп. (ок. 6 мин) : 78 об/мин, моно _d25 см, в конв. |
||
| 300 | _aЗаписано в феврале 1910 г., Варшава | ||
| 300 | _aИнж. звукозап. Ф. Гайсберг | ||
| 300 | _aИнж. звукозап. и дата записи установл. по кат. А. Келли | ||
| 606 | 1 |
_aЕврейская музыка _jЗвукозапись _2nlr_sh |
|
| 606 | 1 |
_aЕврейская музыка синагогальная _jЗвукозапись _2nlr_sh _7ca |
|
| 686 | 0 | _aЩ99(9=Евр)я43 | |
| 702 | 1 |
_6z01790 _aЛерманн _bЯ. _cбаритон _gЯкоб _4721 _7ca |
|
| 702 | 1 |
_6z02790 _aГайсберг _bФ. _cинженер звукозаписи _f1873-1951 _gФред _4670 _7ca |
|
| 702 | 1 |
_6z03790 _aКелли _bА. _f1928-2015 _gАлан _4560 _4220 _7ca |
|
| 790 | 1 |
_6z01702 _aLehrmann _bJ. _gJacob _4721 _7ba |
|
| 790 | 1 |
_6z02702 _aGaisberg _bF. _crecording engineer _f1873-1951 _gFred _4670 _7ba |
|
| 790 | 1 |
_6z03702 _aKelly _bA. _f1928-2015 _gAlan _4560 _4220 _7ca |
|
| 801 | 0 |
_aRU _bNLR _c20181203 _gPSBO |
|
| 801 | 1 |
_aRU _bNLR _c20181203 _2rusmarc |
|
| 801 | 2 |
_aRU _bNLR _c20260522 |
|
| 852 |
_aNLR _jМг 2к/9127 _m45462 _t1 |
||
| 942 | _cREC | ||
| 980 | _aNB | ||